| 000 | 01224cab a22001935a 4500 | ||
|---|---|---|---|
| 001 | L154470 | ||
| 008 | 111212s2011 xxk 000 0 eng d | ||
| 035 | _a(Sirsi) u154470 | ||
| 041 | 0 | _aeng | |
| 100 | 1 | _aCloke, Heather | |
| 245 | 0 | 0 | _aFlushing out the cistern - the transfer of private sewers |
| 260 | _c2011 | ||
| 490 | 0 |
_aHogan Lovells Real Estate Quarterly _vAutumn 2011, 4-5(2) |
|
| 520 | _aExplores the impact of measures coming into effect on 1 October 2011 which allow the transfer of all existing private sewers and lateral drains in England and Wales to the regulated sewerage companies, regulations which are the culmination of government work to improve the sewerage system in England and Wales. Covers their background and aims, what the regulations cover, the issue of curtilage, the transfer date and method of transfer, and the appeals system. Discusses further whether adoption agreements are still necessary, and the impact on the regulated sewerage companies. | ||
| 650 | 2 | 4 | _aWATER INDUSTRY (SCHEMES FOR ADOPTON OF PRIVATE SEWERS) REGULATIONS 2011 |
| 651 | 4 |
_aEngland and Wales _y1543- |
|
| 690 | _aENVIRONMENTAL AND LAND CONSULTANCY-WASTE MANAGEMENT-SEWERAGE REMOVAL AND TREATMENT | ||
| 942 | _n0 | ||
| 999 |
_c83638 _d83638 |
||